Белият гарван (Запис номер 434447)
[ съкратено ]
| 000 -Лидер | |
|---|---|
| Лидер | 00981nam a2200289 c 4500 |
| 003 - Код на организацията, давaща контролен номер | |
| Код на организацията, даваща контролен номер | BLK |
| 005 - Дата и час на последна редакция | |
| Дата и час на последна редакция | 20240208160338.0 |
| 008 - Елементи от данни с фиксирана дължина | |
| Елементи с фиксирана дължина | 180408b bul|||||r ||||||| ||bul|| |
| 020 ## - Международен стандартен номер на книга ISBN | |
| ISBN | 9786199031896 |
| 040 ## - Източник на каталожния запис | |
| Код на библиотеката | BLK |
| 041 ## - Код за език | |
| Език | Български |
| Език за КДБФ | Български |
| 080 ## - УДК | |
| УДК текст | Българска литература |
| УДК код | 821.163.2 |
| УДК – определител | -4 |
| УДК – код + определител | 821.163.2-4 |
| 084 ## - Класификационен индекс по друга класификация | |
| Авторски знак | Дене - Д 42 |
| 100 ## - Редна дума - Автор | |
| Автор | Денев, Румен |
| R(LIN) | 245282 |
| Пълна форма на името | Димитров, Румен Денев |
| 245 10 - Сведения за заглавието | |
| Заглавие | Белият гарван |
| Авторска отговорност | Румен Денев |
| Подзаглавни данни | Есета |
| 257 ## - Страна на издаване | |
| Страна на създаване/издаване | България |
| 260 ## - Област на издателските данни | |
| Име на издателя | Лит. кръг Смисъл |
| Година на издаване | 2018 |
| 9 (RLIN) | 220167 |
| Място на издаване | София |
| 300 ## - Физическа характеристика | |
| Брой страници | 124 с. |
| Размер | 20 см |
| 380 ## - Жанр | |
| Жанр | Худож. лит. |
| 500 ## - Общи забележки | |
| Обща забележка | Пълната форма на името на авт. Румен Денев е Румен Денев Димитров. |
| 852 ## - Местоположение | |
| Сигнатура (форматна) | Цб 309552 |
| Отдел | Хранилище |
| 856 4# - Електронен адрес и достъп | |
| Електронен формат | pdf - файл |
| 856 4# - Електронен адрес и достъп | |
| Електронен формат | pdf - файл |
| 942 ## - АРТИКУЛИ | |
| Вид на библиотечния документ | Книги |
| Скрит в OPAC | Не |
| Периодичен библиозапис | Да |
| 944 ## - СЪЗДАВАНЕ И РЕДАКЦИЯ на ЗАПИСА | |
| Създаване/Редакция | Създаване |
| Дата на регистрацията/редакция | 2021-10-22 |
| Служител, извършил регистрацията/редакцията | 30556 |
| Номер на служител | Теодора Пейчева-Дянкова |
| 999 ## - СИСТЕМНИ КОНТРОЛНИ НОМЕРА | |
| Koha biblionumber | 434447 |
| Koha biblioitemnumber | 434447 |
| Код за отписване | Код за изгубен артикул | Източник на класификационната схема | Код за повреда | Коз за рестрикции | Код за отдаване | Артикулен № | Име на библиотеката - собственик | Име на библиотеката, в която се намира в момента | Статус (Текущо местоположение) | Дата на вписване в системата | Местоположение - отдел | Цена в лева | Систематично азбучна сигнатура | Баркод | Цена в евро | Служебен тип на артикула | Инвентарен номер |
|---|---|---|---|---|---|---|---|---|---|---|---|---|---|---|---|---|---|
| Не е изгубен | Universal Decimal Classification | Не е повреден | само за читалня | ползва се в читалня | 858374 | Регионална библиотека "Любен Каравелов" Русе | Регионална библиотека "Любен Каравелов" Русе | Хранилище | 2021-10-22 | Хранилище | 13.00 | Цб 309552 | 120000860999 | 6.65 | Книги | ||
| Не е изгубен | Universal Decimal Classification | Не е повреден | заемане за дома | 940143 | Регионална библиотека "Любен Каравелов" Русе | Регионална библиотека "Любен Каравелов" Русе | Заемна - подръчен фонд | 2024-02-12 | Заемна - подръчен фонд | 13.00 | 821.163.2-4/Д 42 Р | 120000899171 | 6.65 | Книги | 120000899171 |